<?xml version="1.0" encoding="UTF-8"?><?xml-stylesheet type="text/xsl" href="static/style.xsl"?><OAI-PMH xmlns="http://www.openarchives.org/OAI/2.0/" xmlns:xsi="http://www.w3.org/2001/XMLSchema-instance" xsi:schemaLocation="http://www.openarchives.org/OAI/2.0/ http://www.openarchives.org/OAI/2.0/OAI-PMH.xsd"><responseDate>2026-04-14T06:56:51Z</responseDate><request verb="GetRecord" identifier="oai:www.recercat.cat:20.500.12694/7250" metadataPrefix="marc">https://recercat.cat/oai/request</request><GetRecord><record><header><identifier>oai:recercat.cat:20.500.12694/7250</identifier><datestamp>2025-12-18T12:08:49Z</datestamp><setSpec>com_2072_179042</setSpec><setSpec>col_2072_484474</setSpec></header><metadata><record xmlns="http://www.loc.gov/MARC21/slim" xmlns:dcterms="http://purl.org/dc/terms/" xmlns:xsi="http://www.w3.org/2001/XMLSchema-instance" xmlns:doc="http://www.lyncode.com/xoai" xsi:schemaLocation="http://www.loc.gov/MARC21/slim http://www.loc.gov/standards/marcxml/schema/MARC21slim.xsd">
   <leader>00925njm 22002777a 4500</leader>
   <datafield ind2=" " ind1=" " tag="042">
      <subfield code="a">dc</subfield>
   </datafield>
   <datafield ind2=" " ind1=" " tag="720">
      <subfield code="a">Ariño Fernández, Daniel</subfield>
      <subfield code="e">author</subfield>
   </datafield>
   <datafield ind2=" " ind1=" " tag="260">
      <subfield code="c">2015-07-16</subfield>
   </datafield>
   <datafield ind2=" " ind1=" " tag="520">
      <subfield code="a">El present projecte aspira a recrear l'obra d'un autor de la música clàssica occidental mitjançant la interpretació, la composició i una anàlisi bibliogràficament fonamentada. El recital del projecte consistirà, per tant, en la interpretació de les 20 “Visions Fugitives” Op. 22 per a piano de S. Prokofiev, seguides de les 21 “Mirades Furtives” Op. 3, un cicle de miniatures originals directament inspirades en les “Visions”. La part escrita del projecte es concentrarà en contextualitzar, d'una banda, el format del projecte, l'elecció del repertori i la perspectiva analítica adoptada i, de l’altre, a investigar les sintonies estilístiques establertes entre els dos cicles, així com el seu marcat caràcter poètic, programàtic i improvisatori.</subfield>
   </datafield>
   <datafield ind2=" " ind1=" " tag="520">
      <subfield code="a">El presente proyecto aspira a recrear la obra de un autor de la música clásica occidental a través de la interpretación, la composición y un análisis bibliográficamente fundamentado. El recital del proyecto consistirá, por tanto, en la interpretación de las 20 “Visions Fugitives” Op. 22 para piano de S. Prokofiev, seguidas de las 21 “Miradas Furtivas” Op. 3, un ciclo de miniaturas originales directamente inspiradas en las “Visions”. La parte escrita del proyecto se concentrará en contextualizar, por un lado, el formato del proyecto, la elección del repertorio y la perspectiva analítica adoptada y, por otro, en investigar las sintonías estilísticas establecidas entre ambos ciclos, así como su marcado carácter poético, programático e improvisatorio.</subfield>
   </datafield>
   <datafield ind2=" " ind1=" " tag="520">
      <subfield code="a">The aim of this project is to recreate the music of one particular author from the Western classical music tradition through performance practice, composition, and a bibliographically documented analysis. The recital will consist of, consequently, the performance of the 20 “Visions Fugitives” Op. 22 for piano by S. Prokofiev, followed by the 21 “Miradas Furtivas” Op. 3, a cycle of original miniatures directly inspired by the “Visions”. The written part of the project will offer a theoretical contextualization of this format and present the values of the chosen repertoire. It will also investigate the stylistic parallelisms between both cycles and their poetic, programmatic, and seemingly improvised qualities.</subfield>
   </datafield>
   <datafield ind1="8" ind2=" " tag="024">
      <subfield code="a">http://hdl.handle.net/20.500.12694/7250</subfield>
   </datafield>
   <datafield tag="653" ind2=" " ind1=" ">
      <subfield code="a">TFG Música clàssica i contemporània</subfield>
   </datafield>
   <datafield tag="653" ind2=" " ind1=" ">
      <subfield code="a">Prokof'ev, Sergej--Crítica i interpretació</subfield>
   </datafield>
   <datafield tag="653" ind2=" " ind1=" ">
      <subfield code="a">Prokof'ev, Sergej. Mimoletnosti</subfield>
   </datafield>
   <datafield tag="653" ind2=" " ind1=" ">
      <subfield code="a">Piano, Música per a</subfield>
   </datafield>
   <datafield ind2="0" ind1="0" tag="245">
      <subfield code="a">Un diálogo creativo con S. Prokofiev: XX visiones fugitivas, XXI miradas furtivas</subfield>
   </datafield>
</record></metadata></record></GetRecord></OAI-PMH>